00916nam a2200229 i 4500001000700000003000900007005001700016007000300033008004100036080003100077100002800108245016300136260003500299300002100334490004000355600004000395700003900435830004500474852002200519999001900541952012600560123177ES-MaACL20250808002231.0t|070214s1962 sp |||| | spa d a276 Ignacio de Loyola, San1 aPrzywara, Erich.99409810aTeolegúmeno español y otros ensayos ignacianos / cErich Przywara ; traducción, epílogo y notas bio-bibliográficas del P. Alfonso López Quintás. aMadrid : bGuadarrama, c1962. a188 p ; c19 cm.1 aCristianismo y hombre actual ; v3904aIgnacio de Loyola c, Santo.9651471 aLópez Quintás, Alfonso.97390500aCristianismo y hombre actualv399181461 aES-MaACLjC-22268 c123177d123177 00104070aATENEOMbATENEOMcGaleríad2008-01-17eSCl0oC-22268p1128349r2023-02-23 00:00:00w2023-02-23yMONOGRAFIA